000 00306nam a22001457a 4500
003 SGT
082 _a330.954,MYN
100 _aMYNENI,S.R
245 _aINDIAN ECONOMICS
250 _a5TH
260 _aFARIDABAD
_bALLAHABAD LAW AGENCY
_c2013
300 _a2013
650 _a ECONOMICS
942 _2ddc
_cBK
_03
999 _c9569
_d9569